Online Catalogue and eLibrary

Reflections on governance / (Record no. 483)

MARC details
000 -LEADER
fixed length control field 00567nam a2200193 a 4500
001 - CONTROL NUMBER
control field 3030387
005 - DATE AND TIME OF LATEST TRANSACTION
control field 20240226011241.0
008 - FIXED-LENGTH DATA ELEMENTS--GENERAL INFORMATION
fixed length control field 950112s1994 ce b 000 0 eng
040 ## - CATALOGING SOURCE (பட்டியலாக்க மூலம்)
Original cataloging agency DLC
Transcribing agency DLC
082 00 - DDC Classification
Class No. 321.
DDC Edition Number 20
Item Number - Author Mark REF.
100 1# - MAIN ENTRY--PERSONAL NAME
Personal name Weerakoon, Bradman,
245 10 - TITLE STATEMENT
Title Reflections on governance /
Statement of responsibility, etc. Bradman Weerakoon, Shelton Wanasinghe ; introduction by Godfrey Gunatilake.
260 ## - PUBLICATION, DISTRIBUTION, ETC.
Place of publication, distribution, etc. Colombo :
Name of publisher, distributor, etc. Marga Institute,
Date of publication, distribution, etc. 1994.
300 ## - PHYSICAL DESCRIPTION
Extent (e.g. Volumes, Pages etc.) 95 p. ;
650 #0 - SUBJECT ADDED ENTRY--TOPICAL TERM
Topical term or geographic name entry element Democracy
650 #0 - SUBJECT ADDED ENTRY--TOPICAL TERM
Topical term or geographic name entry element Political participation
700 1# - ADDED ENTRY--PERSONAL NAME
Personal name Wanasinghe, Shelton.
Relator term (Role) Editor
942 ## - Koha item type (Biblio)
Koha item type Books in Stacks (Lending)
Holdings
Lost status Damaged status Collection code Home library Current library Date acquired Full call number Accession Number Item type
    Lending WERC Library WERC Library 02/26/2024 321. REF. 3515 Books in Stacks (Lending)

© WERC Library